| 000 | 00404nam a22001697a 4500 | ||
|---|---|---|---|
| 003 | OSt | ||
| 005 | 20241024102048.0 | ||
| 007 | 1410 | ||
| 008 | 241024b |||||||| |||| 00| 0 eng d | ||
| 020 | _a9789352837182 | ||
| 040 | _c | ||
| 082 |
_222 _a510 _bDAS |
||
| 245 |
_aAdvanced Engineering Mathematics _cDass,H.K |
||
| 250 | _a22 | ||
| 260 |
_bS.Chand and Co _c1988 |
||
| 942 |
_2ddc _cBK _e22 _k510 _mDAS _n0 |
||
| 999 |
_c36090 _d36090 |
||